• 首页
  • 本馆介绍
  • 公告通知
  • 最新文献
  • 馆藏检索
  • 电子资源
  • 读者导购
  • 参考咨询
  • 我的图书馆
  • 登录
  • 详细信息显示
  • 放入我的书架
  • 预约/预借图书
  • 作者相关作品
  • 分类相关作品
  • 丛书相关作品
  • 出版社相关作品

书目信息

  • 表格格式
  • 工作单格式
  • 卡片格式
题名:
劳动经济学
    
 
作者: 沈琴琴 主编
分册:  
出版信息: 北京   中国人民大学出版社  2013.7
页数: 284页
开本: 26cm
丛书名:
单 册:
中图分类: F240
科图分类:
主题词: 劳动经济学--Lao Dong Jing Ji Xue--高等学校--教材 , 高等学校--Gao Deng Xue Jiao , 教材--Jiao Cai
电子资源:
ISBN: 978-7-300-17483-9
000 01014nam0 22002891 450
001 350349
005 20161009084415.51
010    @a978-7-300-17483-9@dCNY35.00
100    @a20131025d2013 em y0chiy50 ea
101 0  @achi
102    @aCN@b110000
105    @ay z 000yy
106    @ar
200 1  @a劳动经济学@ALao Dong Jing Ji Xue@f沈琴琴主编
210    @a北京@c中国人民大学出版社@d2013.7
215    @a284页@d26cm
300    @a21世纪经济学系列教材/杜厚文、林岗主编
312    @a封面英文题名:Labor economics
330    @a本书共11章,包括导论、劳动力市场概论、劳动力供给、劳动力需求、人力资本投资、劳动就业与失业、劳动力流动、劳动力市场歧视、工资与收入分配、劳动关系、工会与劳动力市场。
510 1  @aLabor economics@zeng
606 0  @a劳动经济学@ALao Dong Jing Ji Xue@x高等学校@j教材
606 0  @a高等学校@AGao Deng Xue Jiao
606 0  @a教材@AJiao Cai
690    @aF240@v5
701  0 @a沈琴琴@AShen Qin Qin@g(女)@4主编
801  0 @aCN@bTANGWEI@c20160803
905    @b0889580-4@dF240@e128@f5
    
    劳动经济学/沈琴琴主编 .-北京:中国人民大学出版社,2013.7
    284页;26cm
    21世纪经济学系列教材/杜厚文、林岗主编
    
    ISBN 978-7-300-17483-9:CNY35.00
    本书共11章,包括导论、劳动力市场概论、劳动力供给、劳动力需求、人力资本投资、劳动就业与失业、劳动力流动、劳动力市场歧视、工资与收入分配、劳动关系、工会与劳动力市场。
●
相关链接 在E读中查询图书 在五车中查询图书 在当当中查询图书 在豆瓣中查询图书


正题名:劳动经济学     索取号:F240/128         预约/预借

序号 登录号 条形码 馆藏地/架位号 状态 备注
1 0889580   208895800   第一样本阅览室/ [索取号:F240/128] 在馆    
2 0889581   208895819   密集书库-海洋学院/ [索取号:F240/128] 在馆    
3 0889582   208895828   第一借阅区/ [索取号:F240/128] 在馆    
4 0889583   208895837   第一借阅区/ [索取号:F240/128] 在馆    
5 0889584   208895846   第一借阅区/ [索取号:F240/128] 在馆    
唐山师范学院图书馆 欢迎您!
大连网信软件有限公司© 版权所有